Southville International School and Colleges
Your cart is empty.
  • Cart
  • Lists
    Public lists list_1 View all
    Your lists Log in to create your own lists
  • Log in to your account
  • Your cookies
  • Search history
Southville International School and Colleges
  • Advanced search
  • Recent comments
  • Most popular
  • Libraries

Log in to your account

Log in with GOOGLE


If you do not have an external account, but do have a local account, you can still log in:

  1. Home
  2. MARC view: I can read a rainbow /
Normal view MARC view ISBD view

I can read a rainbow / (Record no. 102465)

[ view plain ]
MARC details
000 -LEADER
fixed length control field 00657nam a2200169 a 4500
005 - DATE AND TIME OF LATEST TRANSACTION
control field 20140412111236.0
008 - FIXED-LENGTH DATA ELEMENTS--GENERAL INFORMATION
fixed length control field 010604s19uu xx 00 eng d
020 ## - INTERNATIONAL STANDARD BOOK NUMBER
International Standard Book Number 0-86163-274-5
050 ## - LIBRARY OF CONGRESS CALL NUMBER
Classification number ER
Item number Ic1
100 ## - MAIN ENTRY--PERSONAL NAME
Personal name Cloke, Rene
245 ## - TITLE STATEMENT
Title I can read a rainbow /
Statement of responsibility, etc written and illustrated by Rene Cloke.
260 ## - PUBLICATION, DISTRIBUTION, ETC. (IMPRINT)
Place of publication, distribution, etc [s.l.] :
Name of publisher, distributor, etc Award Publications Limited.
300 ## - PHYSICAL DESCRIPTION
Extent 1v. (unp.) ; ill.
500 ## - GENERAL NOTE
General note Title includes: The Little House With the Red Door; The Runaway Orange; The Yellow Dragon; The Green Umbrella; The Blue Shoes That Walked by Themselves; The Cat in the Indigo Car; Violet Cottage.
650 ## - SUBJECT ADDED ENTRY--TOPICAL TERM
Topical term or geographic name as entry element Children's stories
Holdings
Withdrawn status Lost status Damaged status Use restrictions Home library Current library Shelving location Date acquired Source of acquisition Total Checkouts Full call number Barcode Date last seen Price effective from Koha item type
        Elizalde Library Elizalde Library Easy Reading Section 06/04/2001     ER Ic1 E1804 04/12/2014 04/12/2014 Books

I can read a rainbow /

APA

Cloke R., .I can read a rainbow. [s.l.]: Award Publications Limited.

Chicago

Cloke Rene, .I can read a rainbow. [s.l.]: Award Publications Limited.

Harvard

Cloke R., .I can read a rainbow. [s.l.]: Award Publications Limited.

MLA

Cloke Rene, .[s.l.]: Award Publications Limited. .

  • Place hold
  • Print
  • Cite
  • Add to your cart (remove)
  • Save record
    BIBTEX Dublin Core MARCXML MARC (non-Unicode/MARC-8) MARC (Unicode/UTF-8) MARC (Unicode/UTF-8, Standard) MODS (XML) RIS
  • More searches
    Search for this title in:
    Other Libraries (WorldCat) Other Databases (Google Scholar) Online Stores (Bookfinder.com) Open Library (openlibrary.org)

Exporting to Dublin Core...

SOUTHVILLE LIBRARY

Southville International School and Colleges Library

1281 Tropical Ave. Cor. Luxembourg St., BF Homes International, Las Pinas City

Tel. No. 8256374 / 252358 Loc. 117/146

Powered by Koha